000 00296cam a22001097a 4500
008 180718b1958 xxu||||| |||| 00| 0 eng d
082 _aD In2
245 _aIndia and the world, annual number 1958
260 _aDelhi
_bMalhotra Brothers
_c1958
300 _a104p.
650 _aInternational Relations
999 _c369253
_d369253